000
00199 a2200097 4500
001
12034
100
_a
Tuker, F.
245
_a
The yellow scarf
260
_a
_b
M Dent & sons
_c
090
_c
9286
_d
9286
942
_a
NUST-CAE
_c
M
_c
36140
999
_c
247107
_d
247107